| 000 | 01602 a2200253 4500 | ||
|---|---|---|---|
| 003 | Nust | ||
| 005 | 20220802115425.0 | ||
| 010 | _a 2003062037 | ||
| 020 | _a047148492X (cloth : alk. paper) | ||
| 040 | _cNust | ||
| 082 | 0 | 0 | _a620.0014,TEN |
| 100 | 1 |
_aTenopir, Carol. _996227 |
|
| 245 | 1 | 0 |
_aCommunication Patterns of Engineers / _cCarol Tenopir, Donald W. King. |
| 260 |
_aHoboken, NJ : _bJohn Wiley, _c2004. |
||
| 300 |
_ax, 266 p. ; _c24 cm. |
||
| 505 | _aIntroduction (Page-1), Communication Models (Page-11), A Communications Framework for Engineers (Page-27), The Engineering Profession and Communication (Page-37), Engineers' Information Seeking and Use (Page-71), Information Output by Engineers (Page-89), Engineering Education and Communication Skills (Page-99), The Engineering Scholarly Journal Channel (Page-113), Engineers' Journal Information-Seeking and Reading Patterns in an Emerging Electronic Era (Page-133), Engineering Communication Patterns Compared with Science and Medicine (Page-149), The NASA/DOD Aerospace Knowledge Diffusion Research Project (Page-163), | ||
| 650 | 0 |
_aCommunication in engineering. _996228 |
|
| 700 | 1 |
_aKing, Donald Ward, _d1932- _996229 |
|
| 856 | 4 | 2 |
_3Book review (E-STREAMS) _uhttp://www.e-streams.com/es0707/es0707_3360.html |
| 856 | 4 | 2 |
_3Contributor biographical information _uhttp://www.loc.gov/catdir/bios/wiley046/2003062037.html |
| 856 | 4 | 2 |
_3Publisher description _uhttp://www.loc.gov/catdir/description/wiley041/2003062037.html |
| 856 | 4 | 2 |
_3Table of contents _uhttp://www.loc.gov/catdir/toc/wiley041/2003062037.html |
| 942 |
_cREF _2ddc |
||
| 999 |
_c175450 _d175450 |
||